How to make war: a comp guide modern warfare (Record no. 298320)
[ view plain ]
| 000 -LEADER | |
|---|---|
| fixed length control field | 00304 a2200121 4500 |
| 001 - CONTROL NUMBER | |
| control field | 63247 |
| 082 ## - DEWEY DECIMAL CLASSIFICATION NUMBER | |
| Classification number | 355.02 COC |
| 090 ## - LOCALLY ASSIGNED LC-TYPE CALL NUMBER (OCLC); LOCAL CALL NUMBER (RLIN) | |
| -- | 37312 |
| -- | 37312 |
| 100 ## - MAIN ENTRY--PERSONAL NAME | |
| Personal name | Dunnigan, J.F |
| 245 ## - TITLE STATEMENT | |
| Title | How to make war: a comp guide modern warfare |
| Medium | English |
| 260 ## - PUBLICATION, DISTRIBUTION, ETC. | |
| Place of publication, distribution, etc. | London, UK |
| Name of publisher, distributor, etc. | Book Club, London |
| 300 ## - PHYSICAL DESCRIPTION | |
| Extent | 442p |
| 942 ## - ADDED ENTRY ELEMENTS (KOHA) | |
| Institution code [OBSOLETE] | CAE NUST |
| Call number prefix | 355.02 COC |
| Withdrawn status | Lost status | Damaged status | Not for loan | Collection code | Permanent Location | Current Location | Date acquired | Total Checkouts | Full call number | Barcode | Date last seen | Price effective from | Koha item type |
|---|---|---|---|---|---|---|---|---|---|---|---|---|---|
| College of Aeronautical Engineering (CAE) | College of Aeronautical Engineering (CAE) | 04/03/2017 | 355.02 COC | CAEG-5597 | 04/05/2017 | 04/05/2017 | Book |
